[Event "Memorial Georgiev-Kesarovski (open)"]
[Site "masterchessopen.com Sunny Beach (Bulgaria)"]
[Date "2008.09.12"]
[Round "7"]
[White "Bratanov Zsivko (BUL)"]
[Black "Rusev Krasimir (BUL)"]
[Result "1-0"]
[WhiteElo "2467"]
[BlackElo "2541"]

1.d4 d5 2.c4 c6 3.Nf3 Nf6 4.Nc3 dxc4 5.a4 Bf5 6.e3 e6 7.Bxc4 Bb4 8.O-O O-O
9.Qe2 Bg6 10.Ne5 Nbd7 11.Nxg6 hxg6 12.Rd1 Qe7 13.a5 e5 14.Qc2 e4 15.f3 exf3
16.gxf3 Rfd8 17.e4 b5 18.Bb3 c5 19.e5 Nxe5 20.dxe5 Qxe5 21.Nxb5 Rxd1+ 22.Qxd1
c4 23.Bxc4 a6 24.Qe2 Qxe2 25.Bxe2 axb5 26.a6 Bc5+ 27.Kf1 b4 28.Ra5 Nd7 29.Bd2
Rc8 30.Rb5 Rb8 31.Rxb8+ Nxb8 32.Bb5 {#r} 1-0

[Event "Regionalliga Bayern North-East 2008/09"]
[Site "masterchessopen.com Bayern (Germany)"]
[Date "2008.10.05"]
[Round "1"]
[White "Bloederl Alfred (GER)"]
[Black "Redzepovic Irfan (GER)"]
[Result "0-1"]
[WhiteElo "2014"]
[BlackElo "2077"]

1.d4 d5 2.c4 c6 3.Nf3 Nf6 4.Nc3 dxc4 5.a4 Bf5 6.e3 e6 7.Bxc4 Bb4 8.O-O O-O
9.Qe2 Bg6 10.Rd1 Qe7 11.Ne5 Nbd7 12.Nxg6 hxg6 13.e4 e5 14.d5 a5 15.Bg5 Nb6
16.Bb3 Rfc8 17.Rd3 Nbd7 18.dxc6 bxc6 19.Rf3 Nc5 20.Bc4 Rd8 21.Bxf6 gxf6 22.Qe3
Kg7 23.Rh3 Rh8 24.Rxh8 Rxh8 25.Na2 Nxa4 26.Nxb4 Qxb4 27.b3 Nc5 28.Rd1 a4
29.Bxf7 Kxf7 30.bxa4 Qxa4 {#R} 0-1

[Event "Ch Greece (juniors) (team)"]
[Site "masterchessopen.com Halkida (Greece)"]
[Date "2008.10.11"]
[Round "1"]
[White "Filippas Georgios (GRE)"]
[Black "Sahinidis Evagelos (GRE)"]
[Result "1-0"]
[WhiteElo "1781"]
[BlackElo "1746"]

1.d4 d5 2.c4 c6 3.Nf3 Nf6 4.Nc3 dxc4 5.a4 Bf5 6.e3 e6 7.Bxc4 Bb4 8.O-O O-O
9.Qe2 Nbd7 10.e4 Bg6 11.Bd3 h6 12.Rd1 Qe7 13.Bf4 c5 14.e5 Bxc3 15.exf6 Nxf6
16.bxc3 Nd5 17.Bd2 Bxd3 18.Qxd3 Rfd8 19.Qb5 Rac8 20.Rab1 b6 21.Ne5 Rd6 22.Qb2
Nf6 23.Be3 Rcd8 24.Qc2 Nd5 25.dxc5 Nxe3 26.cxd6 {#r} 1-0

[Event "Ch Greece (juniors) (team)"]
[Site "masterchessopen.com Halkida (Greece)"]
[Date "2008.10.12"]
[Round "4"]
[White "Galopoulos N (GRE)"]
[Black "Serntedakis Athanasios (GRE)"]
[Result "1-0"]
[WhiteElo "2262"]
[BlackElo "1902"]

1.d4 d5 2.c4 c6 3.Nf3 Nf6 4.Nc3 dxc4 5.a4 Bf5 6.e3 e6 7.Bxc4 Bb4 8.O-O O-O
9.Qe2 Nbd7 10.e4 Bg6 11.e5 Nd5 12.Bd2 Bh5 13.Bd3 h6 14.Nxd5 Bxd2 15.Qxd2 cxd5
16.Ne1 Nb8 17.Rc1 Nc6 18.Nc2 Rc8 19.b4 a5 20.b5 Ne7 21.Ne3 b6 22.f4 Bg6 23.g4
Bxd3 24.Qxd3 Qd7 25.f5 Rxc1 26.Rxc1 Rc8 27.Rxc8+ Qxc8 28.Qa3 Qb7 29.Qd6 Nc8
30.Qd8+ Kh7 31.Qf8 exf5 32.Nxf5 {#r} 1-0

[Event "Ch World (juniors) (under 14)"]
[Site "masterchessopen.com Vung Tau (Vietnam)"]
[Date "2008.10.22"]
[Round "3"]
[White "Ismailov Mukhit (KAZ)"]
[Black "Van Kampen Robin (NED)"]
[Result "0-1"]
[WhiteElo "2040"]
[BlackElo "2307"]

1.d4 d5 2.c4 c6 3.Nf3 Nf6 4.Nc3 dxc4 5.a4 Bf5 6.e3 e6 7.Bxc4 Bb4 8.O-O O-O
9.Qe2 Nbd7 10.Rd1 Bg6 11.Bd3 Qe7 12.e4 e5 13.Bg5 Bh5 14.Bc2 exd4 15.Rxd4 Bc5
16.Rd2 Ne5 17.Bf4 Bxf3 18.gxf3 Nh5 19.Bg3 Qf6 20.Bd1 Nf4 21.Qf1 Rad8 22.Rxd8
Rxd8 23.Rc1 h5 24.Nd5 cxd5 25.Rxc5 dxe4 26.fxe4 h4 27.Bxh4 Qxh4 28.Rxe5 Rd2
29.Rf5 Nh3+ 30.Kg2 Qxe4+ {#R} 0-1

[Event "It (open) \"]
[Site "masterchessopen.com Cap d'Agde (France)"]
[Date "2008.10.26"]
[Round "2"]
[White "Duquesnoy Jean-Philippe (FRA)"]
[Black "Benitah Yohan (FRA)"]
[Result "0-1"]
[WhiteElo "2200"]
[BlackElo "2428"]

1.d4 d5 2.c4 c6 3.Nf3 Nf6 4.Nc3 dxc4 5.a4 Bf5 6.e3 e6 7.Bxc4 Bb4 8.O-O O-O
9.Qe2 Nbd7 10.e4 Bg4 11.Rd1 Qa5 12.h3 Bh5 13.g4 Bg6 14.Bd2 Rad8 15.e5 Nd5
16.Nxd5 cxd5 17.Bd3 Bxd3 18.Qxd3 f6 19.exf6 Bxd2 20.Qxd2 Qb6 21.g5 gxf6 22.g6
hxg6 23.Qh6 Rf7 24.Qd2 Rh7 25.Kg2 g5 26.Ra3 Nf8 27.Nh2 Ng6 28.Rg3 Kf7 29.Nf3
Nf4+ 30.Kh2 Qd6 31.Qc2 Rdh8 {#R} 0-1

[Event "Olympiad"]
[Site "masterchessopen.com Dresden (Germany)"]
[Date "2008.11.23"]
[Round "10"]
[White "Kakageldyev Amanmurad (TKM)"]
[Black "Warner Delisle (BAR)"]
[Result "1-0"]
[WhiteElo "2449"]
[BlackElo "2226"]

1.d4 d5 2.c4 c6 3.Nf3 Nf6 4.Nc3 dxc4 5.a4 Bf5 6.e3 e6 7.Bxc4 Bb4 8.O-O O-O
9.Qe2 Bg4 10.Rd1 Nbd7 11.e4 Qa5 12.h3 Bh5 13.Na2 c5 14.Nxb4 cxb4 15.Bd2 Nb6
16.Bd3 Rfd8 17.e5 Bxf3 18.Qxf3 Ne8 19.Qe4 h6 20.Qh7+ Kf8 21.Bb5 Nd7 22.Rac1 a6
23.Bxd7 Rxd7 24.Rc4 {#r} 1-0

[Event "It \"]
[Site "masterchessopen.com Leon (Spain)"]
[Date "2008.12.27"]
[Round "5"]
[White "Peralta Fernando (ARG)"]
[Black "Sokolov Ivan (NED)"]
[Result "0-1"]
[WhiteElo "2557"]
[BlackElo "2650"]

1.d4 d5 2.c4 c6 3.Nf3 Nf6 4.Nc3 dxc4 5.a4 Bf5 6.e3 e6 7.Bxc4 Bb4 8.O-O O-O
9.Qe2 Bg4 10.h3 Bh5 11.Rd1 Nbd7 12.e4 Qe7 13.g4 Bg6 14.Nh4 e5 15.g5 Nh5 16.Nf5
Qe8 17.Na2 Ba5 18.dxe5 Nxe5 19.Bb3 Nd7 20.Qf3 Nc5 21.Bc2 Qe5 22.Be3 Ne6 23.Nc1
Qxb2 24.Ra2 Qc3 25.Ne2 Qe5 26.Rd7 Bc7 27.Bb3 Rae8 28.Rad2 {#R} 0-1

[Event "Ch Lithuania (1/2 final)"]
[Site "masterchessopen.com Vilnius (Lithuania)"]
[Date "2009.02.16"]
[Round "6"]
[White "Prigodinas Ruslanas (LTU)"]
[Black "Sciupokas Arunas (LTU)"]
[Result "0-1"]
[WhiteElo "1693"]
[BlackElo "1936"]

1.d4 d5 2.c4 c6 3.Nf3 Nf6 4.Nc3 dxc4 5.a4 Bf5 6.e3 e6 7.Bxc4 Bb4 8.O-O O-O
9.Qe2 Bg4 10.h3 Bh5 11.Na2 Ba5 12.b4 Bc7 13.Rd1 Ne4 14.g4 Bg6 15.Bd3 Nd7
16.Bxe4 Bxe4 17.Nc3 Bxf3 18.Qxf3 f5 19.Ba3 Qh4 20.Qg2 f4 21.exf4 Rxf4 22.b5 c5
23.Ne2 Rf7 24.Bxc5 Nxc5 25.dxc5 Raf8 26.Rf1 Rf3 27.Nd4 Rxh3 28.f4 Rg3 29.Nxe6
Rxg2+ 30.Kxg2 Qxg4+ {#R} 0-1

[Event "Ch Lithuania (1/2 final) (w)"]
[Site "masterchessopen.com Vilnius (Lithuania)"]
[Date "2009.02.17"]
[Round "7"]
[White "Lepeskaite Migle (LTU)"]
[Black "Beinoraite Viktorija (LTU)"]
[Result "0-1"]
[WhiteElo "1793"]
[BlackElo "2072"]

1.d4 d5 2.c4 c6 3.Nf3 Nf6 4.Nc3 dxc4 5.a4 Bf5 6.e3 e6 7.Bxc4 Bb4 8.O-O O-O
9.Qe2 Bg4 10.Rd1 Nbd7 11.e4 Qa5 12.Bd2 e5 13.Qd3 Rad8 14.d5 Nb6 15.Be1 Rfe8
16.h3 Bxf3 17.gxf3 cxd5 18.Bb5 Re6 19.Nxd5 Nbxd5 20.Bxb4 Qxb4 21.exd5 Red6
22.Bc4 Nh5 23.b3 Rg6+ 24.Kh2 Nf4 25.Qe3 Qe7 26.Rg1 Qh4 27.Bf1 Rxg1 28.Kxg1
Qg5+ 29.Kh2 a6 30.Rc1 h6 31.Rc5 Rd6 32.Bd3 Qg2# 0-1

[Event "Ch Bangladesh (w)"]
[Site "masterchessopen.com Dhaka (Bangladesh)"]
[Date "2009.02.22"]
[Round "1"]
[White "Rokshana Titli (BAN)"]
[Black "Sultana Sharmin Shirin (BAN)"]
[Result "0-1"]
[WhiteElo "1495"]
[BlackElo "1974"]

1.d4 d5 2.c4 c6 3.Nc3 Nf6 4.Nf3 dxc4 5.a4 Bf5 6.e3 e6 7.Bxc4 Bb4 8.O-O O-O
9.Qe2 Bg6 10.Ne5 Nbd7 11.Nxg6 hxg6 12.Bd2 Qe7 13.e4 e5 14.d5 Rad8 15.dxc6 bxc6
16.Rad1 Nc5 17.b3 a5 18.f3 Ne6 19.Nb1 Nd4 20.Qf2 Nd7 21.Nc3 Nb6 22.Ne2 Nxc4
23.Bxb4 Qxb4 24.Nxd4 Rxd4 25.bxc4 Qxc4 26.Ra1 Rfd8 27.Rfc1 Qb3 28.h3 Rd2
29.Qf1 c5 30.Qc4 Qe3+ 31.Kh1 Rxg2 32.Kxg2 Rd2+ {#R} 0-1

[Event "It (open)"]
[Site "masterchessopen.com Cappelle la Grande (France)"]
[Date "2009.02.28"]
[Round "1"]
[White "Zilberman Yaacov (ISR)"]
[Black "Balogh Csaba (HUN)"]
[Result "0-1"]
[WhiteElo "2439"]
[BlackElo "2595"]

1.d4 d5 2.Nf3 Nf6 3.c4 c6 4.Nc3 dxc4 5.a4 Bf5 6.e3 e6 7.Bxc4 Bb4 8.O-O O-O
9.Qe2 Bg6 10.Rd1 Nbd7 11.Bd2 Qe7 12.Be1 Rad8 13.Rac1 Bh5 14.h3 e5 15.dxe5 Nxe5
16.Bb3 Nxf3+ 17.gxf3 Nd7 18.Rd4 Ne5 19.Rg4 Bxg4 20.hxg4 Qh4 21.Bc2 Qh3 22.Be4
f5 23.gxf5 Rxf5 24.f4 Rd6 25.Bxf5 Qxf5 26.f3 Rg6+ {#R} 0-1

[Event "Bundesliga 2008/09"]
[Site "masterchessopen.com Austria"]
[Date "2009.03.19"]
[Round "8"]
[White "Siebrecht Sebastian (GER)"]
[Black "Duer Werner (AUT)"]
[Result "1-0"]
[WhiteElo "2458"]
[BlackElo "2250"]

1.d4 Nf6 2.c4 c6 3.Nf3 d5 4.Nc3 dxc4 5.a4 Bf5 6.e3 e6 7.Bxc4 Bb4 8.O-O O-O
9.Qe2 Nbd7 10.Rd1 Ne4 11.Na2 Be7 12.Bd3 Qb8 13.Ne1 Bd6 14.g3 Bg6 15.f3 Nef6
16.e4 e5 17.dxe5 Nxe5 18.Bc2 Bc5+ 19.Kg2 Re8 20.Nc3 Bb4 21.Bg5 Bxc3 22.bxc3
Nxe4 {#r} 1-0

[Event "It (open) \"]
[Site "masterchessopen.com Budapest (Hungary)"]
[Date "2009.03.22"]
[Round "3"]
[White "Yip Michael (CAN)"]
[Black "Simon Tamas (HUN)"]
[Result "0-1"]
[WhiteElo "2045"]
[BlackElo "1808"]

1.d4 d5 2.c4 c6 3.Nf3 Nf6 4.Nc3 dxc4 5.a4 Bf5 6.e3 e6 7.Bxc4 Bb4 8.O-O O-O
9.Qe2 Nbd7 10.e4 Bg6 11.e5 Nd5 12.Ne4 Rc8 13.Rd1 Qb6 14.Nh4 c5 15.Nxg6 hxg6
16.Qg4 cxd4 17.Bxd5 exd5 18.Ng5 Nxe5 19.Qh3 Rfe8 20.a5 Bxa5 21.Qh7+ Kf8
22.Qh8+ Ke7 23.Qxg7 Qc7 24.Nh7 Ng4 25.Bg5+ Ke6 26.Re1+ Bxe1 27.Rxe1+ Kf5 {#R}
0-1

[Event "It (open) (juniors) (under 20) (g)"]
[Site "masterchessopen.com Busevec (Croatia)"]
[Date "2009.06.13"]
[Round "5"]
[White "Milutinovic Stefana (SRB)"]
[Black "Turk Tajana (CRO)"]
[Result "1-0"]
[WhiteElo "1716"]
[BlackElo "1715"]

1.d4 d5 2.Nf3 Nf6 3.c4 c6 4.Nc3 dxc4 5.a4 Bf5 6.e3 e6 7.Bxc4 Bb4 8.O-O O-O
9.Qe2 Nbd7 10.e4 Bg6 11.Bd3 Bh5 12.Rd1 Qc7 13.e5 Nd5 14.Nxd5 Bxf3 15.Bxh7+ Kh8
16.Qxf3 cxd5 17.Qh5 Rfc8 18.Bg6+ {#r} 1-0

[Event "Ch Belgium (open)"]
[Site "masterchessopen.com Namur (Belgium)"]
[Date "2009.07.07"]
[Round "4"]
[White "Ghyselen Wouter (BEL)"]
[Black "Herman Jean (BEL)"]
[Result "0-1"]
[WhiteElo "1886"]
[BlackElo "2050"]

1.d4 d5 2.c4 c6 3.Nf3 Nf6 4.Nc3 dxc4 5.a4 Bf5 6.e3 e6 7.Bxc4 Bb4 8.O-O O-O
9.Qe2 Nbd7 10.Rd1 Qa5 11.e4 Bg4 12.Na2 Be7 13.b4 Qh5 14.Bb2 Bd8 15.Nc3 Bc7
16.e5 Nd5 17.Nxd5 exd5 18.Bd3 f6 19.Qc2 Bxf3 20.gxf3 fxe5 {#R} 0-1

[Event "Memorial Karl Mala (open)"]
[Site "masterchessopen.com Frankfurt (Germany)"]
[Date "2009.07.16"]
[Round "1"]
[White "Schmieder Stefan"]
[Black "Richter Helmut (GER)"]
[Result "0-1"]
[WhiteElo "1508"]
[BlackElo "1950"]

1.d4 d5 2.c4 c6 3.Nc3 Nf6 4.Nf3 dxc4 5.a4 Bf5 6.e3 e6 7.Bxc4 Bb4 8.O-O O-O
9.Qe2 Nbd7 10.e4 Bg4 11.h3 Bh5 12.Bf4 Qa5 13.e5 Nd5 14.Nxd5 cxd5 15.Bb5 Nb6
16.g4 Bg6 17.Nd2 Be7 18.b3 Rac8 19.Rac1 Rc3 20.Nf3 Rxb3 21.Rc7 Bb4 22.Rfc1 a6
23.Nd2 Rb2 24.Rxb7 Bxd2 25.Bxd2 Rxd2 26.Qe1 axb5 27.Rxb6 Qxb6 28.Qxd2 bxa4
29.Qc3 Qb3 30.Qa5 Qxh3 {#R} 0-1

[Event "It (open)"]
[Site "masterchessopen.com Charleroi (Belgium)"]
[Date "2009.07.25"]
[Round "1"]
[White "Burnay Gerard (BEL)"]
[Black "Fomichenko Eduard (RUS)"]
[Result "0-1"]
[WhiteElo "1850"]
[BlackElo "2512"]

1.d4 d5 2.c4 c6 3.Nf3 Nf6 4.Nc3 dxc4 5.a4 Bf5 6.e3 e6 7.Bxc4 Bb4 8.O-O O-O
9.Qe2 Nbd7 10.Rd1 Bg6 11.Bd2 Qe7 12.h3 Rad8 13.a5 Rfe8 14.Re1 e5 15.dxe5 Nxe5
16.Nxe5 Qxe5 17.f4 Qd6 18.Bc1 Ne4 19.Nxe4 Bxe4 20.Rf1 Qc5 21.Kh2 Bxa5 22.Rg1
Bb4 23.Bb3 Bd3 24.Qf2 a5 25.Bd2 Bxd2 26.Qxd2 Bb5 {#R} 0-1

[Event "Ch Continental Americas"]
[Site "masterchessopen.com Sao Paulo (Brazil)"]
[Date "2009.07.25"]
[Round "1"]
[White "Reis Al"]
[Black "Mosquera Miguel (COL)"]
[Result "0-1"]
[WhiteElo "2026"]
[BlackElo "2393"]

1.d4 d5 2.c4 c6 3.Nc3 Nf6 4.Nf3 dxc4 5.a4 Bf5 6.e3 e6 7.Bxc4 Bb4 8.O-O O-O
9.Qe2 Ne4 10.Bd2 Nxd2 11.Nxd2 c5 12.Nb3 cxd4 13.Nxd4 Bg6 14.Rfd1 Qe7 15.Rac1
Nd7 16.Bd3 Bxd3 17.Qxd3 Rfd8 18.Qb5 Nf6 19.Qe2 Rac8 20.Qf3 Bxc3 21.Rxc3 Rxc3
22.bxc3 Qd7 23.Ra1 e5 24.Nf5 e4 {#R} 0-1

[Event "Ch Austria"]
[Site "masterchessopen.com Jenbach (Austria)"]
[Date "2009.08.02"]
[Round "9"]
[White "Wiedermann Daniel (AUT)"]
[Black "Sandhoefner Florian (AUT)"]
[Result "1-0"]
[WhiteElo "2151"]
[BlackElo "2200"]

1.d4 d5 2.c4 c6 3.Nf3 Nf6 4.Nc3 dxc4 5.a4 Bf5 6.e3 e6 7.Bxc4 Bb4 8.O-O O-O
9.Qe2 Nbd7 10.e4 Bg6 11.Bd3 Bh5 12.e5 Nd5 13.Nxd5 cxd5 14.Qe3 Be7 15.Ng5 Bxg5
16.Qxg5 Qxg5 17.Bxg5 Rac8 18.Bb5 Nb8 19.Be7 a6 20.Bxf8 Kxf8 21.Rac1 Rd8 22.Bd3
Nc6 23.Rfe1 Nxd4 24.Rc7 b5 25.axb5 axb5 26.Rcc1 {#r} 1-0

[Event "It (open)"]
[Site "masterchessopen.com Indianapolis (USA)"]
[Date "2009.08.06"]
[Round "6"]
[White "Wasiolek Rory E (USA)"]
[Black "Homa Seth (USA)"]
[Result "0-1"]
[WhiteElo "2098"]
[BlackElo "2269"]

1.d4 d5 2.c4 c6 3.Nf3 Nf6 4.Nc3 dxc4 5.a4 Bf5 6.e3 e6 7.Bxc4 Bb4 8.O-O O-O
9.Qe2 Bg4 10.h3 Bh5 11.Rd1 Nbd7 12.e4 Qe7 13.Bg5 h6 14.Bh4 e5 15.d5 Rfe8
16.Rac1 Rad8 17.dxc6 bxc6 18.Ba2 Nf8 19.Rxd8 Rxd8 20.g4 Bg6 21.Qc4 Bxc3
22.Qxc3 Bxe4 23.Nxe5 Ne6 24.Nxc6 Bxc6 25.Qxc6 Nd4 26.Bxf6 gxf6 27.Qc5 Qe4
28.Qc4 Kh8 29.Bb1 Qf3 30.Re1 Qxh3 31.Re3 Nf3+ 32.Rxf3 Rd1+ {#R} 0-1

[Event "It \"]
[Site "masterchessopen.com Peterhof (Russia)"]
[Date "2009.08.10"]
[Round "12"]
[White "Fedoseev Vladimir (RUS)"]
[Black "Massironi Marco (ITA)"]
[Result "1-0"]
[WhiteElo "2179"]
[BlackElo "2178"]

1.Nf3 d5 2.d4 Nf6 3.c4 c6 4.Nc3 dxc4 5.a4 Bf5 6.e3 e6 7.Bxc4 Bb4 8.O-O O-O
9.Qe2 Bg6 10.Ne5 Nbd7 11.Nxg6 hxg6 12.Rd1 Qa5 13.Bd2 Rfd8 14.Be1 e5 15.Ba2 Nb6
16.dxe5 Qxe5 17.Qc2 Bd6 18.g3 Qh5 19.Kg2 g5 20.a5 Nc8 21.Ne4 g4 22.Nxf6+ gxf6
23.a6 bxa6 24.Rd4 Ne7 25.Qd1 Qh3+ 26.Kg1 Nf5 27.Rxg4+ Kf8 28.Qb3 {#r} 1-0

[Event "It (open) \"]
[Site "masterchessopen.com Chalkidiki (Greece)"]
[Date "2009.08.12"]
[Round "2"]
[White "Liakos Dimitris (GRE)"]
[Black "Drakaki Anna-Maria (GRE)"]
[Result "1-0"]
[WhiteElo "2037"]
[BlackElo "1619"]

1.d4 d5 2.Nf3 Nf6 3.c4 c6 4.Nc3 dxc4 5.a4 Bf5 6.e3 e6 7.Bxc4 Bb4 8.O-O O-O
9.Qe2 h6 10.Rd1 Nbd7 11.e4 Bh7 12.e5 Nd5 13.Bd2 Bxc3 14.bxc3 Rc8 15.Bd3 Bxd3
16.Qxd3 c5 17.c4 Ne7 18.d5 exd5 19.cxd5 Re8 20.Bc3 c4 21.Qe4 Nb6 22.d6 Ng6
23.Qxb7 Nd7 24.Qxa7 Ngxe5 25.Nxe5 Nxe5 26.d7 Nd3 27.dxe8=Q+ Qxe8 28.Qd4 {#r}
1-0

[Event "Ch Switzerland (team) 2009"]
[Site "masterchessopen.com Switzerland"]
[Date "2009.09.05"]
[Round "6"]
[White "Fabre Mathias (SUI)"]
[Black "Hochstrasser Michael (SUI)"]
[Result "1-0"]
[WhiteElo "2087"]
[BlackElo "2386"]

1.d4 d5 2.c4 c6 3.Nf3 Nf6 4.Nc3 dxc4 5.a4 Bf5 6.e3 e6 7.Bxc4 Bb4 8.O-O O-O
9.Qe2 Nbd7 10.e4 Bg6 11.e5 Nd5 12.Ne4 a5 13.Bg5 Qb6 14.Rfd1 h6 15.Bh4 Rfc8
16.Rac1 Bf8 17.Nd6 Bxd6 18.exd6 Bh5 19.h3 Qb4 20.Bg3 N7b6 21.Bd3 Rd8 22.Be5
Bxf3 23.Qxf3 Nc8 24.Qg4 g5 25.Qh5 Nxd6 26.Qxh6 f6 27.Bxf6 Nxf6 28.Qxf6 Nf7
29.Bc4 {#r} 1-0

[Event "It (open)"]
[Site "masterchessopen.com Le Touquet (France)"]
[Date "2009.10.24"]
[Round "1"]
[White "Ikonnikov Vyacheslav (RUS)"]
[Black "Hameau Cyril (FRA)"]
[Result "1-0"]
[WhiteElo "2556"]
[BlackElo "2034"]

1.d4 d5 2.Nf3 Nf6 3.c4 c6 4.Nc3 dxc4 5.a4 Bf5 6.e3 e6 7.Bxc4 Bb4 8.O-O O-O
9.Qe2 Bg6 10.Ne5 Nbd7 11.Nxg6 hxg6 12.Rd1 Nb6 13.Bb3 Nbd5 14.Na2 Ba5 15.e4 Ne7
16.h4 Qb6 17.Bc4 a6 18.b4 Bxb4 19.Nxb4 Qxb4 20.Ba3 Qa5 21.Bxe7 Rfe8 22.Bd6 Qd8
23.e5 Nd5 24.Qg4 b5 25.Bxd5 exd5 26.Rdc1 Qb6 27.a5 Qb7 28.Rc3 Re6 29.Rac1 f5
30.Qg5 Rc8 31.h5 gxh5 32.Qxf5 {#r} 1-0

[Event "It (open)"]
[Site "masterchessopen.com Gijon (Spain)"]
[Date "2010.01.03"]
[Round "7"]
[White "Lobo Jesus Rodriguez (ESP)"]
[Black "Perez Diaz Manuel Amador (ESP)"]
[Result "0-1"]
[WhiteElo "2240"]
[BlackElo "1959"]

1.d4 d5 2.c4 c6 3.Nf3 Nf6 4.Nc3 dxc4 5.a4 Bf5 6.e3 e6 7.Bxc4 Bb4 8.O-O O-O
9.Qe2 Bg6 10.Ne5 Nbd7 11.Nxg6 hxg6 12.e4 Nb6 13.Bb3 Qxd4 14.a5 Nbd7 15.Rd1 Qe5
16.f4 Qh5 17.g4 Nxg4 18.Rxd7 Bc5+ 19.Kh1 Nf2+ 20.Kg1 Ng4+ 21.Kf1 Nxh2+ 22.Ke1
Nf3+ 23.Kd1 Rad8 24.Rd3 Qh1+ 25.Kc2 Ne1+ {#R} 0-1

[Event "Memorial N.Mukhamedzianov (juniors)"]
[Site "masterchessopen.com Kazan (Russia)"]
[Date "2010.01.11"]
[Round "5"]
[White "Vasilov Artur (RUS)"]
[Black "Toropov Pavel (RUS)"]
[Result "1-0"]
[WhiteElo "2160"]
[BlackElo "2211"]

1.d4 d5 2.c4 c6 3.Nf3 Nf6 4.Nc3 dxc4 5.a4 Bf5 6.e3 e6 7.Bxc4 Bb4 8.O-O O-O
9.Qe2 Bg6 10.Ne5 Nbd7 11.Nxg6 hxg6 12.Rd1 Qe7 13.e4 e5 14.d5 Nc5 15.Bg5 Rfd8
16.f3 a5 17.Qc2 Rac8 18.dxc6 Bxc3 19.bxc3 bxc6 20.Qa2 Rxd1+ 21.Rxd1 Ncxe4
22.fxe4 Qc5+ 23.Kh1 Nxe4 24.Bxf7+ Kh7 25.Bh4 Rf8 26.Qe6 Rxf7 27.Qxf7 Qxc3
28.Qf3 Qc4 29.Bg3 Qxa4 30.Re1 Ng5 31.Qe3 Nf7 32.Bxe5 {#r} 1-0

[Event "It \"]
[Site "masterchessopen.com Uxbridge (England)"]
[Date "2010.02.15"]
[Round "5"]
[White "Yurenok Maria S (ENG)"]
[Black "O'Gorman B"]
[Result "1-0"]
[WhiteElo "2071"]
[BlackElo "1862"]

1.d4 d5 2.c4 c6 3.Nf3 Nf6 4.Nc3 dxc4 5.a4 Bf5 6.e3 e6 7.Bxc4 Bb4 8.O-O O-O
9.Qe2 Bg4 10.Rd1 Qa5 11.Bd2 Qh5 12.e4 c5 13.d5 Nbd7 14.h3 Ne5 15.hxg4 Nfxg4
16.Bf4 Ng6 17.Bg3 f5 18.dxe6 Kh8 19.exf5 Rxf5 20.e7 Nf4 21.Rd8+ {#r} 1-0

[Event "Ch City"]
[Site "masterchessopen.com Nizhnij Novgorod (Russia)"]
[Round "0"]
[White "Shendrik Zhanna (RUS)"]
[Black "Kim Nikita (RUS)"]
[Result "1-0"]
[WhiteElo "2028"]
[BlackElo "2235"]

1.d4 d5 2.Nf3 c6 3.c4 Nf6 4.Nc3 dxc4 5.a4 Bf5 6.e3 e6 7.Bxc4 Bb4 8.O-O O-O
9.Qe2 Bg6 10.Rd1 Nbd7 11.Bd3 Bxd3 12.Qxd3 Qe7 13.e4 h6 14.Na2 Ba5 15.b4 Bc7
16.Ba3 b6 17.Rac1 Rac8 18.Rxc6 Bxh2+ 19.Nxh2 Rxc6 20.b5 Rd6 21.Bxd6 Qxd6 22.e5
Nxe5 23.dxe5 Qxe5 24.Nb4 Ne4 25.Nc6 Qf5 26.Ne7+ {#r} 1-0

[Event "Ch City"]
[Site "masterchessopen.com Riazan (Russia)"]
[Round "0"]
[White "Vasiliev Vladimir P (RUS)"]
[Black "Zuev Yaroslav"]
[Result "1-0"]
[WhiteElo "2348"]
[BlackElo "2038"]

1.d4 c6 2.Nf3 d5 3.c4 Nf6 4.Nc3 dxc4 5.a4 Bf5 6.e3 e6 7.Bxc4 Bb4 8.O-O O-O
9.Qe2 c5 10.Na2 Qa5 11.Nxb4 Qxb4 12.b3 Nbd7 13.Bd2 Qb6 14.a5 Qc7 15.Rfc1 b6
16.dxc5 bxc5 17.b4 Ne4 18.Be1 Rfc8 19.Ba6 Rd8 20.Nh4 Qe5 21.f3 Nef6 22.Bg3 Qd5
23.e4 Qd4+ 24.Bf2 Qxb4 25.exf5 {#r} 1-0

[Event "Ch Bulgaria (w)"]
[Site "masterchessopen.com Dupnica (Bulgaria)"]
[Date "2010.04.10"]
[Round "3"]
[White "Raeva Elitsa (BUL)"]
[Black "Galunova Tsveta (BUL)"]
[Result "1-0"]
[WhiteElo "2306"]
[BlackElo "1991"]

1.d4 d5 2.c4 c6 3.Nc3 Nf6 4.Nf3 dxc4 5.a4 Bf5 6.e3 e6 7.Bxc4 Bb4 8.O-O O-O
9.Qe2 Nbd7 10.e4 Bg6 11.Bd3 c5 12.e5 cxd4 13.exf6 dxc3 14.Bxg6 hxg6 15.Qb5 Bd6
16.fxg7 Kxg7 17.bxc3 Qc7 18.c4 Rh8 19.Bb2+ f6 20.g3 Rh5 21.Qb3 Rah8 22.Rad1
Nc5 23.Qe3 e5 24.Ba3 b6 25.Rd5 Qd7 26.Rfd1 Rxh2 27.Nxh2 Qh3 28.Rxd6 Qxh2+
29.Kf1 Qh3+ 30.Ke2 Qg4+ 31.Qf3 Qxc4+ 32.Ke1 {#r} 1-0

[Event "It (open)"]
[Site "masterchessopen.com Triesen (Liechtenstein)"]
[Date "2010.05.13"]
[Round "7"]
[White "Hobuss Udo (GER)"]
[Black "Kuhn Thomas (SUI)"]
[Result "0-1"]
[WhiteElo "2393"]
[BlackElo "2221"]

1.d4 d5 2.c4 c6 3.Nf3 Nf6 4.Nc3 dxc4 5.a4 Bf5 6.e3 e6 7.Bxc4 Bb4 8.O-O O-O
9.Qe2 Bg4 10.h3 Bh5 11.Rd1 Nbd7 12.e4 Qe7 13.e5 Nd5 14.Ne4 f6 15.exf6 N7xf6
16.Ng3 Bxf3 17.Qxf3 a5 18.Bd2 Rae8 19.Bc3 Nd7 20.Qd3 N7b6 21.Bb3 Nf4 22.Qd2
Nbd5 23.Re1 Qg5 24.Rad1 Bd6 25.Kh1 h5 26.Rg1 Qh4 27.Kh2 Nxh3 {#R} 0-1

[Event "Ch Austria (juniors) (under 12)"]
[Site "masterchessopen.com Eisenstadt (Austria)"]
[Date "2010.05.24"]
[Round "6"]
[White "Huber Martin Christian (AUT)"]
[Black "Uksini Bardhyl (AUT)"]
[Result "1-0"]
[WhiteElo "1985"]
[BlackElo "1606"]

1.d4 d5 2.c4 c6 3.Nf3 Nf6 4.Nc3 dxc4 5.a4 Bf5 6.e3 e6 7.Bxc4 Bb4 8.O-O O-O
9.Qe2 Re8 10.e4 Bg6 11.Bd3 Nbd7 12.e5 Bxd3 13.Qxd3 Nd5 14.Nxd5 cxd5 15.Qb5 a5
16.Qxb7 Rb8 17.Qa6 Nb6 18.Qd3 Qd7 19.Ng5 g6 20.Qh3 h5 21.g4 Kg7 22.gxh5 Rh8
23.h6+ Rxh6 24.Nxe6+ Qxe6 25.Bxh6+ Kg8 26.Qh4 Be7 27.Bg5 Bxg5 28.Qxg5 Kg7
29.f4 Qf5 30.Qxf5 gxf5 31.Rf3 {#r} 1-0

[Event "It (open)"]
[Site "masterchessopen.com Marrakesh (Morocco)"]
[Date "2010.06.26"]
[Round "1"]
[White "Akhrouf Lissan Eddine (MAR)"]
[Black "Vernay Clovis (FRA)"]
[Result "0-1"]
[WhiteElo "1499"]
[BlackElo "2460"]

1.d4 d5 2.c4 c6 3.Nf3 Nf6 4.Nc3 dxc4 5.a4 Bf5 6.e3 e6 7.Bxc4 Bb4 8.O-O O-O
9.Qe2 Nbd7 10.e4 Bg4 11.e5 Nd5 12.Nxd5 cxd5 13.Bd3 Rc8 14.Qe3 h6 15.h3 Bh5
16.Nh2 Bg6 17.f4 Nc5 18.Bxg6 fxg6 19.Qg3 Ne4 20.Qxg6 Qe8 21.Qg4 Rc2 22.Qd1 Qc6
23.Qd3 Rc8 24.Ng4 Bd2 25.Bxd2 Rxd2 26.Qf3 Qb6 27.Rac1 Rf8 28.f5 exf5 29.Nf6+
gxf6 30.Qxf5 Qxd4+ {#R} 0-1